<?xml version="1.0" encoding="UTF-8"?>
<record
    xmlns:xsi="http://www.w3.org/2001/XMLSchema-instance"
    xsi:schemaLocation="http://www.loc.gov/MARC21/slim http://www.loc.gov/standards/marcxml/schema/MARC21slim.xsd"
    xmlns="http://www.loc.gov/MARC21/slim">

  <leader>02192agaaa2200337   4500</leader>
  <controlfield tag="001">4968</controlfield>
  <controlfield tag="003">IT-RoPAU</controlfield>
  <controlfield tag="005">20220918181236.0</controlfield>
  <controlfield tag="007">d cvaizq</controlfield>
  <controlfield tag="008">50131s9999||||xx ||| |     ||   ||und||</controlfield>
  <datafield tag="040" ind1=" " ind2=" ">
    <subfield code="a">IT-RoPAU</subfield>
    <subfield code="c">IT-RoPAU</subfield>
  </datafield>
  <datafield tag="041" ind1=" " ind2=" ">
    <subfield code="a">ITALIANO</subfield>
  </datafield>
  <datafield tag="100" ind1=" " ind2=" ">
    <subfield code="a">Polanski Roman</subfield>
    <subfield code="g">Codice regista SPICS: 1627</subfield>
    <subfield code="9">43282</subfield>
  </datafield>
  <datafield tag="130" ind1=" " ind2=" ">
    <subfield code="a">PIANISTA (IL)</subfield>
    <subfield code="9">43283</subfield>
  </datafield>
  <datafield tag="240" ind1=" " ind2=" ">
    <subfield code="a">PIANIST (THE)</subfield>
    <subfield code="g">T3457</subfield>
  </datafield>
  <datafield tag="245" ind1=" " ind2=" ">
    <subfield code="a">PIANISTA (IL)</subfield>
    <subfield code="c">Prodotto da: Benmussa R. Sarde A. -- Sceneggiatura: Harwood Roland -- Diretto da: Polanski Roman</subfield>
    <subfield code="p">PIANISTA (IL) (Rif. Codice opera principale : H4968)</subfield>
  </datafield>
  <datafield tag="246" ind1=" " ind2=" ">
    <subfield code="a">PIANIST (THE)</subfield>
  </datafield>
  <datafield tag="250" ind1=" " ind2=" ">
    <subfield code="a">Edizione Standard</subfield>
  </datafield>
  <datafield tag="260" ind1=" " ind2=" ">
    <subfield code="a">(POL - FRA - UK - D - NL)</subfield>
    <subfield code="b">R.P. PRODDICTION - STUDIO CANAL - BEVERLY D / Distribuzione: MEC</subfield>
    <subfield code="g">"2003 (1&#xB0; ed.: 2004 ; Ed. Lingua Orig.: 2002)"</subfield>
  </datafield>
  <datafield tag="300" ind1=" " ind2=" ">
    <subfield code="a">DVD</subfield>
    <subfield code="b">sonoro, col.</subfield>
    <subfield code="c">150 minuti</subfield>
  </datafield>
  <datafield tag="508" ind1=" " ind2=" ">
    <subfield code="a">"Fotografia: Edelman Pawel; Montaggio: De Luze Herve'; Musica: Kilar Wojciech; Sceneggiatura: Harwood Roland; Scenografia: Starski Allan; "</subfield>
  </datafield>
  <datafield tag="511" ind1=" " ind2=" ">
    <subfield code="a">"Brody Adrien; Kretschmann Thomas; Finlay Frank; Lipman Maureen; Stoppard Ed; Rayner J"</subfield>
  </datafield>
  <datafield tag="520" ind1=" " ind2=" ">
    <subfield code="a">"MENTRE LA SECONDA GUERRA MONDIALE VOLGE AL TERMINE E VARSAVIA BRUCIA, WLADYSLAW SZPILMAN, PIANISTA DI TALENTO, EBREO POLACCO,SFUGGE ALLA DEPORTAZIONE, COSTRETTO A VIVERE NEL CUORE DEL GHETTO DELLA CITTA'. RINTANATO IN VARI NASCONDIGLI, SOFFRE LA FAME, LA PAURA E SPERIMENTA TUTTE LE SOFFERENZE, LE UMILIAZIONI E LE LOTTE CHE LA GUERRA PORTA CON SE'. UN UFFICIALE TEDESCO, RICONOSCENDO IL SUO GRANDE TALENTO, LO AIUTERA' A SOPRAVVIVERE.VINCITORE DI TRE PREMI OSCAR.GHETTO VARSAVIA, DEPORTAZIONE, SOPRAVVIVENZA, GUERRA, ODIO RAZZIALE, EBRAISMO.SUL DISCO N. 2 CONTENUTI SPECIALI: DOCUMENTARIO ""UNA SYTORIA DI SOPRAVVIVENZA"" GALLERIA DI FOTOGRAFIE - TRAILER - FILMOGRAFIE."</subfield>
  </datafield>
  <datafield tag="538" ind1=" " ind2=" ">
    <subfield code="a">PAL, STEREO</subfield>
  </datafield>
  <datafield tag="546" ind1=" " ind2=" ">
    <subfield code="a">ITALIANO</subfield>
  </datafield>
  <datafield tag="650" ind1=" " ind2=" ">
    <subfield code="a">DRAMMA GUERRA</subfield>
    <subfield code="e">DVD-FILM [DVD]</subfield>
    <subfield code="x">Codice MATERIA SPICS: 9947</subfield>
    <subfield code="9">43284</subfield>
  </datafield>
  <datafield tag="700" ind1=" " ind2=" ">
    <subfield code="a">Kilar Wojciech</subfield>
    <subfield code="e">(musica)</subfield>
    <subfield code="g">Codice Musica SPICS: 25050</subfield>
    <subfield code="9">43285</subfield>
  </datafield>
  <datafield tag="700" ind1=" " ind2=" ">
    <subfield code="a">Polanski Roman </subfield>
    <subfield code="e">(regista)</subfield>
    <subfield code="g">Codice regista SPICS: 1627</subfield>
    <subfield code="9">43286</subfield>
  </datafield>
  <datafield tag="700" ind1=" " ind2=" ">
    <subfield code="a">Szpilman Wladyslaw </subfield>
    <subfield code="e">(soggetto)</subfield>
    <subfield code="g">Codice Soggetto SPICS: 57901</subfield>
    <subfield code="9">43287</subfield>
  </datafield>
  <datafield tag="942" ind1=" " ind2=" ">
    <subfield code="c">DV</subfield>
    <subfield code="2">ddc</subfield>
  </datafield>
  <datafield tag="999" ind1=" " ind2=" ">
    <subfield code="c">105772</subfield>
    <subfield code="d">105772</subfield>
  </datafield>
  <datafield tag="952" ind1=" " ind2=" ">
    <subfield code="0">0</subfield>
    <subfield code="1">0</subfield>
    <subfield code="4">0</subfield>
    <subfield code="6">H_4968_000000000000000</subfield>
    <subfield code="7">1</subfield>
    <subfield code="a">SPICS</subfield>
    <subfield code="b">SPICS</subfield>
    <subfield code="d">2015-01-31</subfield>
    <subfield code="l">0</subfield>
    <subfield code="o">H4968</subfield>
    <subfield code="r">2015-01-31 00:00:00</subfield>
    <subfield code="w">2015-01-31</subfield>
    <subfield code="y">DV</subfield>
    <subfield code="z">Progr. Ins.: 3195 / N.Vol.:2 / Copie: 1 / Pag.:0 / Copia rara: n.d. / date import: 1.2.2015 / By Epidotti, Trombetti, Vaglietti</subfield>
  </datafield>
</record>
